[Event "Niederoesterreich Landesliga 1819"]
[Site "Austria"]
[Date "2019.04.07"]
[Round "11.4"]
[White "Schirmbeck, Hannes"]
[Black "Schuh, Patrick"]
[Result "0-1"]
[WhiteElo "2126"]
[BlackElo "2088"]
[PlyCount "196"]
[EventDate "2018.09.30"]
[EventType "team-tourn"]
[EventRounds "11"]
[EventCountry "AUT"]
[SourceTitle "EXT 2021"]
[Source "ChessBase"]
[SourceDate "2020.10.23"]
[SourceVersion "1"]
[SourceVersionDate "2020.10.23"]
[SourceQuality "1"]
[WhiteTeam "Stockerau"]
[BlackTeam "Litschau/Eisgarn"]
[WhiteTeamCountry "AUT"]
[BlackTeamCountry "AUT"]

1. e4 c5 2. Nf3 d6 3. Bb5+ Nd7 4. 0-0 a6 5. Be2 Ngf6 6. d3 e6 7. c4 Be7 8. Nc3 0-0 9. Ne1 b6 10. f4 Bb7 11. Bf3 Ne8 12. Nc2 Nc7 13. a4 Nb8 14. Be3 Nc6 15. d4 e5 16. fxe5 dxe5 17. d5 Nd4 18. Bf2 Ne8 19. Bg3 f6 20. Bg4 Nd6 21. Ne3 Bc8 22. Bxc8 Qxc8 23. Qh5 Qe8 24. Qxe8 Rfxe8 25. Bf2 g6 26. Bh4 Kg7 27. g4 Rab8 28. Rf2 h6 29. Kg2 Rf8 30. Bg3 Rbe8 31. h4 Bd8 32. Raf1 Rf7 33. Rb1 Nb3 34. Re2 Bc7 35. h5 gxh5 36. Nf5+ Kg6 37. Rh1 Nxf5 38. gxf5+ Kh7 39. Rxh5 Rg8 40. Re1 Rfg7 41. Rh3 Rg4 42. Reh1 Kg7 43. Rxh6 Kf7 44. R1h3 Bd6 45. R6h4 R4g7 46. Rh7 Nd2 47. Kf2 Nxc4 48. Nd1 Nd2 49. Rxg7+ Rxg7 50. Rh4 c4 51. Ke2 Nb3 52. Bf2 Nd4+ 53. Kf1 Nf3 54. Rh8 Nd2+ 55. Ke2 Nxe4 56. Ra8 Nxf2 57. Ra7+ Kf8 58. Ra8+ Kf7 59. Nxf2 Bc5 60. Ne4 Rg2+ 61. Kd1 Rxb2 62. Ra7+ Kf8 63. Nxf6 Rf2 64. Nd7+ Ke8 65. Nxc5 bxc5 66. Rxa6 Rxf5 67. Rc6 Kd7 68. Rxc5 Rf4 69. Kc2 Kd6 70. Rb5 Rf3 71. Rb6+ Kxd5 72. Rb8 Ra3 73. Ra8 Kd4 74. Kb2 Rb3+ 75. Kc2 e4 76. Rd8+ Kc5 77. a5 e3 78. a6 Ra3 79. Rc8+ Kb5 80. Re8 Kb6 81. Kb2 Rb3+ 82. Kc2 Kxa6 83. Re5 Kb6 84. Kd1 Kc6 85. Ke2 Kd6 86. Rxe3 Kc5 87. Re8 Rd3 88. Rb8 Kd4 89. Rb7 Kc3 90. Rb8 Kc2 91. Rb7 Rd6 92. Rc7 Re6+ 93. Kf2 c3 94. Rc8 Kd2 95. Rd8+ Kc1 96. Kf3 c2 97. Rc8 Rb6 98. Ke2 Kb2 0-1

[Event "AUT-ch"]
[Site "St Johann im Pongau"]
[Date "2016.07.27"]
[Round "5"]
[White "Schuh, Patrick"]
[Black "Windhager, Hannes"]
[Result "1-0"]
[WhiteElo "2007"]
[BlackElo "2180"]
[PlyCount "81"]
[EventDate "2016.07.23"]
[EventType "swiss"]
[EventRounds "9"]
[EventCountry "AUT"]
[SourceTitle "CBM 173 Extra"]
[Source "ChessBase"]
[SourceDate "2016.08.29"]
[SourceVersion "1"]
[SourceVersionDate "2016.08.29"]
[SourceQuality "1"]

1. d4 Nf6 2. Nf3 g6 3. Nbd2 Bg7 4. e4 d6 5. Bd3 0-0 6. 0-0 Nbd7 7. Re1 e5 8. c3 Nh5 9. Nc4 h6 10. Be3 Qf6 11. Qd2 g5 12. h3 Re8 13. Nh2 Nf8 14. Ng4 Qg6 15. f3 Nf4 16. Bf1 h5 17. Nf2 Nh7 18. g3 Ne6 19. dxe5 dxe5 20. Nd3 f6 21. Qg2 Bh6 22. Rad1 b6 23. Nb4 Bb7 24. g4 Rad8 25. Bc1 Bf8 26. Nc2 Bc5+ 27. N4e3 Nf4 28. Qh2 Nf8 29. b4 Bxe3+ 30. Nxe3 N8e6 31. Nf5 Kf7 32. Bc4 Rh8 33. Bxf4 exf4 34. Bxe6+ Kxe6 35. Qe2 Rd6 36. Qc4+ Kd7 37. Rxd6+ cxd6 38. Qd4 Rh7 39. Qxd6+ Kc8 40. Ne7+ Rxe7 41. Qxe7 1-0

[Event "AUT-ch"]
[Site "St Johann im Pongau"]
[Date "2016.07.26"]
[Round "4"]
[White "Fuchs, Georg"]
[Black "Schuh, Patrick"]
[Result "1/2-1/2"]
[WhiteElo "2221"]
[BlackElo "2007"]
[PlyCount "82"]
[EventDate "2016.07.23"]
[EventType "swiss"]
[EventRounds "9"]
[EventCountry "AUT"]
[SourceTitle "CBM 173 Extra"]
[Source "ChessBase"]
[SourceDate "2016.08.29"]
[SourceVersion "1"]
[SourceVersionDate "2016.08.29"]
[SourceQuality "1"]

1. e4 c5 2. Nf3 d6 3. d4 cxd4 4. Nxd4 Nf6 5. Nc3 a6 6. Bg5 e6 7. Qe2 Be7 8. 0-0-0 h6 9. Bxf6 Bxf6 10. f4 Be7 11. g4 Nc6 12. Nf3 Qa5 13. h4 b5 14. Bh3 Bd7 15. g5 b4 16. Nd5 exd5 17. exd5 Na7 18. Rhe1 Qd8 19. Bxd7+ Qxd7 20. Nd4 Kf8 21. gxh6 Rxh6 22. Nf5 Qxf5 23. Qxe7+ Kg8 24. Rd4 Nb5 25. Rxb4 Qxd5 26. a4 Qc5 27. Rb3 Rc8 28. c3 Nc7 29. Qd7 Nd5 30. Rb7 Rf6 31. Re6 Rf8 32. Re8 Rxe8 33. Qxe8+ Kh7 34. Rxf7 Rxf7 35. Qxf7 Qg1+ 36. Kd2 Qe3+ 37. Kd1 Qf3+ 38. Kc2 Qe4+ 39. Kb3 Nb6 40. c4 Qd3+ 41. Kb4 Qd2+ 1/2-1/2

[Event "AUT-ch"]
[Site "St Johann im Pongau"]
[Date "2016.07.23"]
[Round "1"]
[White "Schuh, Patrick"]
[Black "Frank, Emanuel"]
[Result "1/2-1/2"]
[WhiteElo "2007"]
[BlackElo "2177"]
[PlyCount "81"]
[EventDate "2016.07.23"]
[EventType "swiss"]
[EventRounds "9"]
[EventCountry "AUT"]
[SourceTitle "CBM 173 Extra"]
[Source "ChessBase"]
[SourceDate "2016.08.29"]
[SourceVersion "1"]
[SourceVersionDate "2016.08.29"]
[SourceQuality "1"]

1. d4 d5 2. c4 e6 3. Nc3 Be7 4. cxd5 exd5 5. Bf4 c6 6. Qc2 Bg4 7. e3 Bh5 8. Bd3 Nf6 9. Nge2 Bg6 10. Bxg6 hxg6 11. h3 Nbd7 12. Rb1 a5 13. a3 Nb6 14. Nc1 0-0 15. 0-0 Nh5 16. Bh2 Bd6 17. Bxd6 Qxd6 18. Nd3 Nf6 19. Ne5 Nfd7 20. Nxd7 Qxd7 21. Na4 Nc4 22. Nc5 Qe7 23. a4 Rfe8 24. Qc3 Nd6 25. b4 b6 26. Nd3 Ne4 27. Qc2 axb4 28. Rxb4 c5 29. Rxb6 c4 30. Nf4 Nf6 31. Rb5 Qd7 32. Rfb1 g5 33. Ne2 Ne4 34. a5 Qd8 35. Nc3 Rxa5 36. Rxa5 Qxa5 37. Nxe4 Rxe4 38. Rb8+ Kh7 39. f3 Qe1+ 40. Kh2 g4 41. hxg4 1/2-1/2

[Event "Zwettl op"]
[Site "Zwettl"]
[Date "2012.07.27"]
[Round "7"]
[White "Schuh, Patrick"]
[Black "Neller, Michael"]
[Result "1/2-1/2"]
[WhiteElo "1391"]
[BlackElo "1561"]
[PlyCount "71"]
[EventDate "2012.07.21"]
[EventType "swiss"]
[EventRounds "9"]
[EventCountry "AUT"]
[SourceTitle "CBM 149 Extra"]
[Source "ChessBase"]
[SourceDate "2012.08.24"]
[SourceVersion "1"]
[SourceVersionDate "2012.08.24"]
[SourceQuality "1"]

1. d4 d5 2. c4 c6 3. e3 Nf6 4. Nf3 e6 5. Nbd2 Nbd7 6. cxd5 exd5 7. Bd3 Bd6 8. 0-0 0-0 9. Qc2 Qc7 10. g3 h6 11. b3 Nb6 12. a4 a5 13. Ba3 Bxa3 14. Rxa3 Re8 15. Raa1 Bg4 16. Bf5 Bxf5 17. Qxf5 Qe7 18. Ra2 Qe6 19. Qxe6 fxe6 20. Ne5 Nbd7 21. Ndf3 Rad8 22. Rc1 Nxe5 23. Nxe5 Nd7 24. Nxd7 Rxd7 25. Rb2 Kf7 26. b4 axb4 27. Rxb4 Ke7 28. Rcb1 Rb8 29. Rb6 Kf6 30. a5 Ra8 31. Rxb7 Rxb7 32. Rxb7 Rxa5 33. Rc7 Ra6 34. Kg2 g6 35. f4 Ra2+ 36. Kf3 1/2-1/2

[Event "Zwettl op"]
[Site "Zwettl"]
[Date "2012.07.26"]
[Round "6"]
[White "Modliba, Franz"]
[Black "Schuh, Patrick"]
[Result "0-1"]
[WhiteElo "1563"]
[BlackElo "1391"]
[PlyCount "106"]
[EventDate "2012.07.21"]
[EventType "swiss"]
[EventRounds "9"]
[EventCountry "AUT"]
[SourceTitle "CBM 149 Extra"]
[Source "ChessBase"]
[SourceDate "2012.08.24"]
[SourceVersion "1"]
[SourceVersionDate "2012.08.24"]
[SourceQuality "1"]

1. d4 d5 2. c4 e6 3. Nf3 Nf6 4. Bg5 Be7 5. e3 Nbd7 6. Nc3 0-0 7. Bd3 b6 8. 0-0 Bb7 9. Rc1 c5 10. cxd5 Nxd5 11. Bxe7 Qxe7 12. Be2 Rac8 13. Re1 Rfd8 14. Qb3 cxd4 15. Nxd4 Nxc3 16. Rxc3 Bd5 17. Bc4 Nc5 18. Qb4 Qb7 19. Bxd5 Qxd5 20. a3 e5 21. Nf3 e4 22. Nd4 Nd3 23. Rxd3 exd3 24. Qd2 Qc4 25. Rd1 Rc7 26. h3 Qa2 27. Qxd3 Qxb2 28. Rb1 Rc1+ 29. Rxc1 Qxc1+ 30. Kh2 g6 31. Qa6 Qc7+ 32. Kg1 Rd7 33. a4 Qb7 34. Qb5 a6 35. Qe5 Re7 36. Qg5 Qe4 37. h4 Qe5 38. Qg4 Qc7 39. h5 Re5 40. hxg6 hxg6 41. g3 Rh5 42. Kg2 Qc1 43. Kf3 Qd1+ 44. Kf4 Qxg4+ 45. Kxg4 Ra5 46. Kf4 Rxa4 47. Ke5 Ra2 48. f3 b5 49. e4 b4 50. Kf6 Rd2 51. Ke5 Rd3 52. Ne2 Rxf3 53. Nc1 Rxg3 0-1